000
00245nam a2200109Ia 4500
005
20251222141846.0
008
251222s9999||||xx |||||||||||||| ||spa||
082
_a
922.244.4/P25
100
_a
Papinutti, E.
245
0
_a
Carlo Román:
942
_c
LIB
999
_c
7592
_d
7592